European investment monitor (Record no. 105953)
[ view plain ]
| 000 -LEADER | |
|---|---|
| fixed length control field | 01051cam a2200229 4500 |
| 001 - CONTROL NUMBER | |
| control field | ##L135223 |
| 008 - FIXED-LENGTH DATA ELEMENTS--GENERAL INFORMATION | |
| fixed length control field | 061005n2006 000 0 eng u |
| 035 ## - SYSTEM CONTROL NUMBER | |
| System control number | (Sirsi) u135223 |
| 041 0# - LANGUAGE CODE | |
| Language code of text/sound track or separate title | eng |
| 050 04 - LIBRARY OF CONGRESS CALL NUMBER | |
| Classification number | 332.642 $2 18 |
| 110 2# - MAIN ENTRY--CORPORATE NAME | |
| Corporate name or jurisdiction name as entry element | Ernst and Young |
| 9 (RLIN) | 3056 |
| 245 00 - TITLE STATEMENT | |
| Title | European investment monitor |
| Remainder of title | 2006 report |
| 260 ## - PUBLICATION, DISTRIBUTION, ETC. | |
| Place of publication, distribution, etc. | London |
| Name of publisher, distributor, etc. | Ernst and Young |
| Date of publication, distribution, etc. | 2006 |
| 490 #0 - SERIES STATEMENT | |
| Series statement | Ernst and Young European Investment Monitor |
| 520 ## - SUMMARY, ETC. | |
| Summary, etc. | Reports that the UK is just managing to hold on to its place as the favourite destination for inward investment in Europe. In 2005, the UK received 18.2% of foreign direct investment projects in Europe, with France just behind at 17.5% and Germany in third place with 6%. The UK's market share is falling, however, and has dropped 13% since 1997. |
| 590 ## - LOCAL NOTE (RLIN) | |
| Local note | IKA171006 |
| 650 24 - SUBJECT ADDED ENTRY--TOPICAL TERM | |
| Topical term or geographic name entry element | ERNST AND YOUNG EUROPEAN INVESTMENT MONITOR |
| 651 #4 - SUBJECT ADDED ENTRY--GEOGRAPHIC NAME | |
| Geographic name | EUROPE |
| 690 ## - LOCAL SUBJECT ADDED ENTRY--TOPICAL TERM (OCLC, RLIN) | |
| Topical term or geographic name as entry element | PROPERTY-PROPERTY FINANCE AND INVESTMENT |
| 856 40 - ELECTRONIC LOCATION AND ACCESS | |
| Uniform Resource Identifier | <a href="https://www.ey.com/global">https://www.ey.com/global</a> |
| Public note | View the item free of charge at www.ey.com... |
| 942 ## - ADDED ENTRY ELEMENTS (KOHA) | |
| Suppress in OPAC | 0 |
| Withdrawn status | Lost status | Source of classification or shelving scheme | Damaged status | Not for loan | Home library | Current library | Shelving location | Date acquired | Total Checkouts | Full call number | Barcode | Date last seen | Copy number | Price effective from | Koha item type |
|---|---|---|---|---|---|---|---|---|---|---|---|---|---|---|---|
| Dewey Decimal Classification | Virtual | Virtual | Online | 05/10/2006 | ONLINE PUBLICATION | 135223-1001 | 06/08/2019 | 1 | 06/08/2019 | Book |